| 000 | 00536nam a2200205 a 4500 | ||
|---|---|---|---|
| 001 | BRCA_7382 | ||
| 005 | 20190320205821.0 | ||
| 008 | 150313s1932----ag-b######---#000-0#eng-# | ||
| 041 | _aeng | ||
| 050 | 4 |
_aG4370 _b.M37 1932 |
|
| 245 | 1 | 0 | _aMap of the world´s wonder waterway Alaska. |
| 260 |
_a[s.l] _bPacific Steamship _cc1932 |
||
| 300 | _a1 mapa | ||
| 500 | _aMapa inventariado por Banco de México como libro | ||
| 500 | _aQ87 | ||
| 650 | 1 | 4 |
_aMapas _910484 |
| 651 | 4 |
_aAlaska _vMapas _918229 |
|
| 902 | _aGFM | ||
| 942 |
_2lcc _cB |
||
| 999 |
_c7058 _d7058 |
||